000 00515cam a22002171 4500
001 sa 63001480
003 DLC
005 20260227111927.0
008 881210s1962 xx 000 0 hino
010 _asa 63001480
035 _a(OCoLC)23581027
040 _aDLC
_cMiU
_dDLC
042 _apremarc
050 0 0 _aLB775.G22
_bY6
110 2 _aYogendrajīta.
245 1 0 _aBuniyādī śikshā.
260 _c[1962]
300 _a291 p.
_c22 cm.
500 _aRomanized.
650 0 _aWardha scheme of education
999 _c53983
_d53983